| 000 | 00479nam a2200193Ia 4500 | ||
|---|---|---|---|
| 008 | 170918s9999 xx 000 0 und d | ||
| 020 | _a9780439389150 | ||
| 050 | _bP168 2003 | ||
| 100 | _aPallotta, Jerry | ||
| 245 | _aCount to a million / | ||
| 245 | _cJerry Pallotta ; illustrated by Rob Bolster. | ||
| 260 | _aNew York : | ||
| 260 | _bScholastic, | ||
| 260 | _c2003 | ||
| 300 | _aunpaged : | ||
| 300 | _bcolored illustration ; | ||
| 300 | _c23cm. | ||
| 500 | _a450 | ||
| 999 |
_c341299 _d341299 |
||